| 000 | 00890nam a22002777a 4500 | ||
|---|---|---|---|
| 001 | BR7302525 | ||
| 003 | BR-BrBNA | ||
| 005 | 20230928083926.0 | ||
| 007 | ta | ||
| 008 | 230509b bl.||||| |||| 00| 0 por d | ||
| 040 |
_aBR-BrBNA _bpor _cBiblioteca Nacional de Agricultura |
||
| 041 | _a(Por) | ||
| 072 |
_aH10 _b2110 _b4020 _b/G514 |
||
| 090 | _ 2110 BR7302525 | ||
| 110 | 1 |
_aComissao Executiva do Plano de Recuperacao Economico-Rural da Lavoura Cacaueira, Ilheus, BA (Brasil) _92138 |
|
| 245 | 1 | _aSetor de entomologia e zoologia agricolas do Centro de Pesquisas do Cacau [Brasil] | |
| 260 | 3 |
_aIlheus, BA (Brasil): _c[nd]. |
|
| 300 | _a11 p. | ||
| 500 | _aPublished 1960? (*) Documento disponível na(o) CEPLAC, Ilheus, BA (Brazil) | ||
| 650 | _aENTOMOLOGIA | ||
| 650 | _aCACAU | ||
| 650 | _aINSETO | ||
| 650 | _aBAHIA | ||
| 909 |
_a202309 _bLucia _c55 _dLucia Elande |
||
| 942 | _cBK | ||
| 999 |
_c15862 _d15862 |
||